DreamWorks movies by Rotten Tomatoes scores - Statistics

General Stats
  • This quiz has been taken 28 times
  • The average score is 50 of 88
Answer Stats
Critic Score Year Movie % Correct
88% 2001 Shrek
100%
90% 2001 Shrek
100%
89% 2004 Shrek 2
93%
69% 2004 Shrek 2
93%
86% 2011 Puss in Boots
89%
68% 2011 Puss in Boots
89%
41% 2007 Shrek 3
89%
52% 2007 Shrek 3
89%
57% 2010 Shrek Forever After
89%
54% 2010 Shrek Forever After
89%
99% 2010 How to Train Your Dragon
85%
91% 2010 How to Train Your Dragon
85%
87% 2008 Kung Fu Panda
85%
83% 2008 Kung Fu Panda
85%
92% 2014 How to Train Your Dragon 2
78%
90% 2014 How to Train Your Dragon 2
78%
81% 2011 Kung Fu Panda 2
78%
74% 2011 Kung Fu Panda 2
78%
86% 2016 Kung Fu Panda 3
78%
78% 2016 Kung Fu Panda 3
78%
90% 2019 How to Train Your Dragon: Hidden World
70%
87% 2019 How to Train Your Dragon: Hidden World
70%
55% 2005 Madagascar
67%
66% 2005 Madagascar
67%
72% 2010 Megamind
63%
72% 2010 Megamind
63%
95% 2022 Puss in Boots: The Last Wish
63%
94% 2022 Puss in Boots: The Last Wish
63%
92% 1998 Antz
59%
52% 1998 Antz
59%
97% 2000 Chicken Run
59%
65% 2000 Chicken Run
59%
64% 2008 Madagascar 2: Escape to Africa
59%
66% 2008 Madagascar 2: Escape to Africa
59%
78% 2012 Madagascar 3: Europe's Most Wanted
59%
72% 2012 Madagascar 3: Europe's Most Wanted
59%
75% 2016 Trolls
59%
67% 2016 Trolls
59%
74% 2014 Penguins of Madagascar
56%
63% 2014 Penguins of Madagascar
56%
71% 2020 Trolls World Tour
56%
58% 2020 Trolls World Tour
56%
52% 2015 Home
52%
64% 2015 Home
52%
74% 2009 Monsters vs. Aliens
52%
59% 2009 Monsters vs. Aliens
52%
75% 2006 Over the Hedge
52%
71% 2006 Over the Hedge
52%
79% 1998 Prince of Egypt
52%
90% 1998 Prince of Egypt
52%
69% 2002 Spirit: Stallion of the Cimarron
52%
77% 2002 Spirit: Stallion of the Cimarron
52%
35% 2004 Shark Tale
48%
46% 2004 Shark Tale
48%
88% 2022 The Bad Guys
48%
93% 2022 The Bad Guys
48%
53% 2017 The Boss Baby
48%
51% 2017 The Boss Baby
48%
67% 2013 Turbo
48%
65% 2013 Turbo
48%
73% 2006 Flushed Away
44%
65% 2006 Flushed Away
44%
71% 2013 The Croods
44%
77% 2013 The Croods
44%
48% 2000 The Road to El Dorado
44%
66% 2000 The Road to El Dorado
44%
87% 2005 Wallace and Gromit
44%
90% 2005 Wallace and Gromit
44%
49% 2007 Bee Movie
41%
53% 2007 Bee Movie
41%
74% 2012 Rise of the Guardians
41%
80% 2012 Rise of the Guardians
41%
45% 2003 Sinbad: Legend of the Seven Seas
41%
56% 2003 Sinbad: Legend of the Seven Seas
41%
46% 2021 The Boss Baby Family Business
41%
89% 2021 The Boss Baby Family Business
41%
82% 2019 Abominable
33%
95% 2019 Abominable
33%
87% 2017 Captain Underpants
33%
62% 2017 Captain Underpants
33%
81% 2014 Mr. Peabody & Sherman
33%
73% 2014 Mr. Peabody & Sherman
33%
77% 2020 The Croods: A New Age
33%
94% 2020 The Croods: A New Age
33%
77% 2000 Joseph: King of Dreams
30%
63% 2000 Joseph: King of Dreams
30%
48% 2021 Spirit Untamed
26%
95% 2021 Spirit Untamed
26%
No matching quizzes found
Score Distribution
Percent of People with Each Score
Percentile by Number Answered
Your Score History
You have not taken this quiz